| 000 | 01348naa a22003377a 4500 | ||
|---|---|---|---|
| 001 | BR8101237 | ||
| 003 | BR-BrBNA | ||
| 005 | 20240918174722.0 | ||
| 007 | ta | ||
| 008 | 230509b bl.||||| |||| 00| 0 por d | ||
| 040 |
_aBR-BrBNA _bpor _cBiblioteca Nacional de Agricultura |
||
| 041 | _a(Pt) | ||
| 072 |
_aP05; E70 _b/G514 |
||
| 090 | _aP05 BR8101237 | ||
| 100 | 1 | _aSant'Anna, C. | |
| 111 | 1 |
_aSimposio Nacional sobre Fontes Convencionais e Alternativas de Energia _cBrasilia, DF (Brazil) _d5 Jun 1979 |
|
| 245 | 1 | _aA Petrobras frente a crise energetica mundial [Petroleo Brasileiro S.A.] | |
| 246 | 1 | _a[The Petrobras company regarding world energy crisis [Brazilian Petroleum S.A.]] | |
| 246 | 1 | _a[National symposium on conventional and alternative energy sources] | |
| 260 | 3 |
_aBrasilia, DF (Brasil): _c1980. |
|
| 500 | _aSimposio nacional sobre fontes convencionais e alternativas de energia Brasilia, DF (Brasil): 1980. p. 28-87 (BR8101237-AM)P05 | ||
| 650 | _aRecurso energetico | ||
| 650 | _aComercializacao | ||
| 650 | _aPetroleo | ||
| 650 | _aBalanco de pagamento | ||
| 650 | _aImportacao | ||
| 650 | _aMercado | ||
| 773 | 0 |
_tSimposio nacional sobre fontes convencionais e alternativas de energia _wP05 BR8101237 _gBrasilia, DF (Brasil), 1980. p. 28-87 |
|
| 909 |
_a202404 _bLucia _c55 _dLucia Elande |
||
| 942 |
_cAM _2AGRIS |
||
| 999 |
_c313107 _d313107 |
||